000 00579nam a2200181Ia 4500
003 GCL
008 140319s9999 xx 000 0 ara d
040 _aGCL /
_cGCL
082 0 4 _aم
_b403
_bم م
100 1 _aمبارك مبارك
245 1 0 _aمعجم المصطلحات الالسنية :
_bفرنسى - انكليزى - عربى /
_cمبارك مبارك
260 _aبيروت :
_bدار الفكر اللبنانى ،
_c1995
300 _a682 ص ؛
_c24 سم
650 0 4 _aاللغات
650 0 4 _aالمراجع
650 0 4 _aالمعاجم
942 _2ddc
_cREF
999 _c59300
_d59300